000 00344pab a2200157 454500
008 180718b2004 xxu||||| |||| 00| 0 eng d
100 _aRenganathan, R.
245 _aRain water harvesting
260 _c2004
300 _ap.14-15.
362 _aJun
650 _aHarvesting
650 _aRain
773 _aSocial Welfare
909 _a61045
999 _c61045
_d61045